000 00549nam a2200229Ia 4500
003 OSt
005 20221005123335.0
006 a|||||r|||| 00| 0
007 ta
008 221004b |||||||| |||| 00| 0 eng d
024 _a44861
037 _cTextual
040 _aCRL
_cCRL
_beng
041 _2eng
_aeng
082 _aP:R, K0
100 _aHamm Victor M
_9633560
245 0 _aLanguage, truth and poetry
260 _c1960
650 _aLINGUISTICS
942 _hP:R, K0
_cTEXL
_2cc
999 _c1047124
_d1047124